[Event "GER-chT Federal Cup (Women)"]
[Site "Braunfels"]
[Date "2025.06.19"]
[Round "3.1"]
[White "Klek, Hanna Marie"]
[Black "Moenster, Madita"]
[Result "1-0"]
[WhiteElo "2344"]
[BlackElo "1979"]
[PlyCount "117"]
[EventDate "2025.06.19"]
[EventType "team-swiss"]
[EventRounds "5"]
[EventCountry "GER"]
[SourceTitle "CB26_2025"]
[SourceDate "2025.06.25"]
[SourceVersion "1"]
[SourceVersionDate "2025.06.25"]
[SourceQuality "1"]
[WhiteTeam "Wuerttemberg (W)"]
[BlackTeam "Niedersachsen (W)"]
[WhiteTeamCountry "GER"]
[BlackTeamCountry "GER"]

1. Nf3 d5 2. e3 Nf6 3. c4 e6 4. Nc3 Be7 5. b3 0-0 6. Bb2 c5 7. cxd5 exd5 8. d4 Nc6 9. Be2 Be6 10. 0-0 Rc8 11. Rc1 cxd4 12. Nxd4 Nxd4 13. Qxd4 Bc5 14. Qd3 Qe7 15. Nb5 Rfd8 16. Bf3 a6 17. Nd4 Qd7 18. Rfd1 Bd6 19. Rxc8 Rxc8 20. Nxe6 fxe6 21. g3 Rd8 22. Qe2 Qe7 23. Qc2 Qc7 24. Qxc7 Bxc7 25. Rc1 Bd6 26. g4 Nd7 27. Kg2 Ne5 28. Be2 Nc6 29. Bxa6 Nb4 30. Bxb7 Nxa2 31. Rc8 Rxc8 32. Bxc8 Kf7 33. Ba6 Nb4 34. Bb5 g5 35. h3 e5 36. Kf1 h6 37. Ke2 Ke6 38. f3 Na2 39. Bd3 Bc5 40. Bf5+ Kd6 41. Bb1 Nb4 42. f4 gxf4 43. exf4 d4 44. g5 hxg5 45. fxg5 Nd5 46. h4 Ke6 47. Be4 Nf4+ 48. Kf3 Kf7 49. Bc1 Nh5 50. Kg4 Ng7 51. h5 Ne8 52. Bg6+ Kf8 53. Kf5 Bd6 54. Bxe8 Kxe8 55. Bd2 Kf7 56. g6+ Kg8 57. h6 Bc7 58. h7+ Kh8 59. Bg5 1-0

[Event "Bielefeld (Women) rapid op"]
[Site "Bielefeld"]
[Date "2024.10.12"]
[Round "5"]
[White "Birkholz, Olga"]
[Black "Klek, Hanna Marie"]
[Result "0-1"]
[WhiteElo "1975"]
[BlackElo "2291"]
[PlyCount "104"]
[EventDate "2024.10.12"]
[EventType "swiss (rapid)"]
[EventRounds "9"]
[EventCountry "GER"]
[SourceTitle "CB43_2024"]
[Source "Chessbase"]
[SourceDate "2024.10.23"]
[SourceVersion "1"]
[SourceVersionDate "2024.10.23"]
[SourceQuality "1"]

1. c3 e5 2. d3 d5 3. Qa4+ Nc6 4. Nf3 Bd6 5. h3 Nf6 6. g4 0-0 7. Bg2 Re8 8. g5 Nh5 9. Qh4 Nf4 10. Bxf4 exf4 11. Nbd2 Bf5 12. Kf1 Qd7 13. Nb3 Ne7 14. Nfd4 Ng6 15. Qh5 c6 16. Bf3 a5 17. a4 Be6 18. Nxe6 fxe6 19. d4 e5 20. Bg4 Qf7 21. dxe5 Rxe5 22. Bf3 Qc7 23. Nd4 Bc5 24. Qg4 Bxd4 25. cxd4 Re7 26. h4 Nf8 27. Rd1 Ne6 28. Rd3 Rf8 29. Kg2 Qb6 30. Rhd1 Qxb2 31. h5 Qb4 32. Qh4 Qxa4 33. g6 Qb4 34. gxh7+ Kxh7 35. Kh2 Qd6 36. Rg1 Rf6 37. Rg6 Nf8 38. Rxf6 Qxf6 39. Qxf6 gxf6 40. Ra3 b6 41. Rc3 Re6 42. Kg2 a4 43. Kf1 b5 44. Ra3 f5 45. Ke1 Nd7 46. Kd2 Nb6 47. Ra1 b4 48. Kd3 Nc4 49. Rg1 b3 50. Kc3 b2 51. Kb4 Nd2 52. Kxa4 b1Q 0-1

[Event "GER-chT Federal Cup (Women)"]
[Site "Braunfels"]
[Date "2024.05.31"]
[Round "3.1"]
[White "Klek, Hanna Marie"]
[Black "Jelica, Mara"]
[Result "1-0"]
[WhiteElo "2294"]
[BlackElo "2067"]
[PlyCount "79"]
[EventDate "2024.05.30"]
[EventType "team-swiss"]
[EventRounds "5"]
[EventCountry "GER"]
[SourceTitle "CBM 220 Extra"]
[Source "ChessBase"]
[SourceDate "2024.07.31"]
[SourceVersion "1"]
[SourceVersionDate "2024.07.31"]
[SourceQuality "1"]
[WhiteTeam "Bayern (W)"]
[BlackTeam "Baden Wuerttemberg (W)"]
[WhiteTeamCountry "GER"]
[BlackTeamCountry "GER"]

1. e4 c5 2. Nf3 d6 3. d4 cxd4 4. Nxd4 Nf6 5. Nc3 a6 6. Be3 e5 7. Nb3 Be6 8. Qd2 Be7 9. f3 Qc7 10. g4 Nbd7 11. g5 Nh5 12. 0-0-0 b5 13. Nd5 Bxd5 14. exd5 0-0 15. Kb1 Bd8 16. c4 bxc4 17. Rc1 Nb6 18. Na5 Qd7 19. Nc6 Bc7 20. h4 f5 21. gxf6 Rxf6 22. Bh3 Qe8 23. Qa5 Rb8 24. Nxb8 Qxb8 25. Qxa6 Ng3 26. Rhe1 Rxf3 27. Bg4 Rf8 28. Rc2 Kh8 29. Be6 Nh5 30. Rf2 Nf6 31. Ref1 Re8 32. Qb5 c3 33. a4 cxb2 34. Bg5 Ng8 35. a5 Qa8 36. Rxb2 Nc4 37. Qxc4 Qxa5 38. Qb5 Qa8 39. Rc1 Rb8 40. Qxb8 1-0

[Event "GER-chT Federal Cup (Women)"]
[Site "Braunfels"]
[Date "2024.05.31"]
[Round "2.1"]
[White "Sickmann, Lisa"]
[Black "Klek, Hanna Marie"]
[Result "0-1"]
[WhiteElo "1980"]
[BlackElo "2294"]
[PlyCount "72"]
[EventDate "2024.05.30"]
[EventType "team-swiss"]
[EventRounds "5"]
[EventCountry "GER"]
[SourceTitle "CBM 220 Extra"]
[Source "ChessBase"]
[SourceDate "2024.07.31"]
[SourceVersion "1"]
[SourceVersionDate "2024.07.31"]
[SourceQuality "1"]
[WhiteTeam "Schleswig Holstein (W)"]
[BlackTeam "Bayern (W)"]
[WhiteTeamCountry "GER"]
[BlackTeamCountry "GER"]

1. e4 e5 2. Nf3 Nc6 3. Bb5 a6 4. Ba4 Nf6 5. 0-0 Be7 6. Re1 b5 7. Bb3 d6 8. c3 0-0 9. d4 Bg4 10. Be3 Bh5 11. Nbd2 exd4 12. cxd4 Nb4 13. Nf1 c5 14. a3 Nc6 15. dxc5 dxc5 16. Ng3 Bg6 17. e5 Ng4 18. Bd5 Nxe3 19. Rxe3 Qc7 20. Qe2 Nd4 21. Nxd4 cxd4 22. Rf3 d3 23. Qd2 Rad8 24. Bb3 Qxe5 25. Re1 Qg5 26. Rfe3 Qh6 27. Qd1 Bc5 28. Rf3 Bd6 29. h3 d2 30. Re2 Bf4 31. Re7 Qg5 32. Ra7 Bxg3 33. Rxg3 Qc5 34. Rxa6 Bh5 35. Rg4 Bxg4 36. hxg4 Rfe8 0-1

[Event "EU-ch (Women) 24th"]
[Site "Rhodes"]
[Date "2024.04.25"]
[Round "6"]
[White "Batsiashvili, Nino"]
[Black "Klek, Hanna Marie"]
[Result "1-0"]
[WhiteElo "2445"]
[BlackElo "2294"]
[PlyCount "85"]
[EventDate "2024.04.19"]
[EventType "swiss"]
[EventRounds "10"]
[EventCountry "GRE"]
[SourceTitle "CBM 219 Extra"]
[Source "ChessBase"]
[SourceDate "2024.05.31"]
[SourceVersion "1"]
[SourceVersionDate "2024.05.31"]
[SourceQuality "1"]

1. d4 d5 2. c4 e6 3. Nc3 c5 4. e3 dxc4 5. Bxc4 a6 6. Be2 Nf6 7. Nf3 b5 8. 0-0 Bb7 9. b3 Nbd7 10. Bb2 Bd6 11. dxc5 Bxc5 12. Ng5 h6 13. Nh3 e5 14. Bf3 e4 15. Be2 Qe7 16. Nf4 Nb6 17. Nh5 Rd8 18. Nxf6+ Qxf6 19. Qc2 Qe7 20. Rfd1 0-0 21. a4 bxa4 22. Nxa4 Nxa4 23. Rxa4 Rxd1+ 24. Qxd1 Rd8 25. Qe1 f6 26. h4 Rd6 27. Qc3 Rb6 28. Rc4 Bd6 29. Qc2 Kh7 30. Bd4 Rb4 31. Rc3 Qe6 32. Bc4 Qg4 33. g3 Qd7 34. Qa2 Qg4 35. Rc1 f5 36. Qd2 Qg6 37. Rd1 Be7 38. Ra1 Bc8 39. Ra5 Rb8 40. Ba7 Bb4 41. Qd8 Qf6 42. Qg8+ Kg6 43. Qe8+ 1-0

[Event "EU-ch (Women) 24th"]
[Site "Rhodes"]
[Date "2024.04.23"]
[Round "5"]
[White "Klek, Hanna Marie"]
[Black "Rzali, Sabina"]
[Result "1-0"]
[WhiteElo "2294"]
[BlackElo "2039"]
[PlyCount "49"]
[EventDate "2024.04.19"]
[EventType "swiss"]
[EventRounds "10"]
[EventCountry "GRE"]
[SourceTitle "CBM 219 Extra"]
[Source "ChessBase"]
[SourceDate "2024.05.31"]
[SourceVersion "1"]
[SourceVersionDate "2024.05.31"]
[SourceQuality "1"]

1. e4 d5 2. exd5 Qxd5 3. h3 Nf6 4. Nf3 g6 5. d4 Bg7 6. c4 Qd8 7. Nc3 c6 8. Bd3 0-0 9. 0-0 Qc7 10. Re1 Rd8 11. Qe2 e6 12. Bg5 Nbd7 13. Rad1 Qa5 14. h4 Re8 15. Ne5 c5 16. Nb5 Qb6 17. b4 cxb4 18. c5 Qd8 19. Nd6 Re7 20. Nexf7 Qc7 21. Bc4 Nf8 22. Nh6+ Kh8 23. Qf3 Qc6 24. Qxf6 Qxd6 25. cxd6 1-0

[Event "EU-ch (Women) 24th"]
[Site "Rhodes"]
[Date "2024.04.19"]
[Round "1"]
[White "Klek, Hanna Marie"]
[Black "Dakic, Marta"]
[Result "1-0"]
[WhiteElo "2294"]
[BlackElo "1957"]
[PlyCount "37"]
[EventDate "2024.04.19"]
[EventType "swiss"]
[EventRounds "10"]
[EventCountry "GRE"]
[SourceTitle "CBM 219 Extra"]
[Source "ChessBase"]
[SourceDate "2024.05.31"]
[SourceVersion "1"]
[SourceVersionDate "2024.05.31"]
[SourceQuality "1"]

1. e4 e5 2. Nc3 Nf6 3. d4 exd4 4. Qxd4 Nc6 5. Qd3 Bc5 6. Bf4 d6 7. 0-0-0 Bxf2 8. Nf3 0-0 9. Qe2 Bc5 10. Bg5 Bg4 11. Nd5 Ne5 12. h3 Bxf3 13. gxf3 Ng6 14. h4 Re8 15. Qg2 Kh8 16. h5 Ne5 17. h6 Rg8 18. hxg7+ Rxg7 19. Bxf6 1-0

[Event "BL2-Ost 2324"]
[Site "Germany"]
[Date "2023.12.01"]
[Round "8.3"]
[White "Saric, Ivan"]
[Black "Klek, Hanna Marie"]
[Result "1-0"]
[WhiteElo "2647"]
[BlackElo "2273"]
[PlyCount "81"]
[EventDate "2023.10.21"]
[EventType "team-tourn"]
[EventRounds "10"]
[EventCountry "GER"]
[SourceTitle "EXT 2025"]
[Source "ChessBase"]
[SourceDate "2024.10.14"]
[SourceVersion "1"]
[SourceVersionDate "2024.10.14"]
[SourceQuality "1"]
[WhiteTeam "Muenchen 1836"]
[BlackTeam "Erlangen"]
[WhiteTeamCountry "GER"]
[BlackTeamCountry "GER"]

1. e4 e5 2. Nf3 Nc6 3. Bb5 a6 4. Ba4 Nf6 5. 0-0 Be7 6. Re1 b5 7. Bb3 d6 8. c3 0-0 9. h3 Nb8 10. d4 Nbd7 11. Nbd2 Bb7 12. Bc2 Re8 13. Nb3 c5 14. d5 c4 15. Nbd2 Qc7 16. Nf1 a5 17. g4 Reb8 18. Ng3 b4 19. g5 Ne8 20. Nf5 Bf8 21. Nh2 Nc5 22. Ng4 Bc8 23. Re3 Kh8 24. Rg3 Rb7 25. h4 Rab8 26. h5 g6 27. Nfh6 Bxg4 28. Nxg4 Ng7 29. hxg6 fxg6 30. Rf3 Nh5 31. Qf1 Qc8 32. Qg2 Bg7 33. Nh6 Qe8 34. Be3 bxc3 35. bxc3 Bxh6 36. gxh6 Rb2 37. Rc1 Rxa2 38. Bxc5 dxc5 39. Qg5 a4 40. Rb1 Rc8 41. Rb7 1-0